000
00253nam a2200097Ia 4500
008
220204s9999 xx 000 0 und d
082
_a
941
_b
POS
245
0
_a
Post war Britain 1948-49
260
_a
London
_b
Central Office of Information
_c
1948
942
_c
BK
999
_c
20047
_d
20047